Brain Rot words - Sudden Death - Statistics

General Stats
  • This quiz has been taken 11 times
  • The average score is 1 of 9
Answers on the Grid
Answers color-coded by a green-red scale on the quiz's grid according to % correct below.
chick
rizz
mogging
I miss the old kanye
John pork
Clocked
sigma
sigma sigma boi
mewing
millennial burger joint
Diddy blud
Caulator
67
lope lope mope mope
tung tung tung sahra
pasta boy
junk yard jack
katseye
grow a garden
gag
 
Answer Stats
Answer % Correct
yep rizz
100%
yep mogging
33%
676767676767676767 67
0%
yep Diddy blud
0%
the game grow a garden
0%
yep mewing
0%
yep millennial burger joint
0%
yep sigma
0%
italy tung tung tung sahra
0%
No matching quizzes found
Score Distribution
Percent of People with Each Score
Percentile by Number Answered
Your Score History
You have not taken this quiz